Statistiques concernant Les Stations de Tramway d'Île-de-France

Cliquez ici pour prendre le quiz!

Statistiques générales

  • Ce quiz a été pris 122 fois
    (52 depuis la dernière actualisation)
  • Le résultat moyen est 93 sur 255

Statistiques - réponses

LignesRéponses% Correct
T3a | T3bPorte de Vincennes
68%
T11 EXPÉpinay-sur-Seine
65%
T2La Défense (Grande Arche)
65%
T9Cimetière Parisien d'Ivry (Place du Général de Gaulle)
63%
T1 | T5Marché de Saint-Denis
63%
T3a | T9Porte de Choisy
63%
T3bPorte de la Villette (Cité des Sciences et de l'Industrie)
63%
T3bPorte de Pantin (Parc de la Villette)
63%
T3aPorte de Vanves
63%
T2 | T3aPorte de Versailles (Parc des Expositions)
63%
T2Pont de Bezons
60%
T3bPorte de Clignancourt (Puces de Saint-Ouen)
60%
T3bPorte de Montreuil
60%
T3aPorte d'Ivry
60%
T3bPorte de la Chapelle
58%
T3aPorte d'Orléans
58%
T1Basilique de Saint-Denis (Hôtel de Ville)
55%
T1Gare de Noisy-le-Sec
55%
T1Gare de Saint-Denis
55%
T3aPont du Garigliano (Hôpital Européen G. Pompidou)
55%
T3bPorte des Lilas
55%
T3aPorte d'Italie
55%
T3bRosa Parks
55%
T8Villetaneuse Université
55%
T11 EXPVilletaneuse - Université
55%
T4Aulnay-sous-Bois
53%
T1Bobigny - Pablo Picasso (Préfecture - Hôtel du Département)
53%
T4Bondy
53%
T1La Courneuve - 8 Mai 1945
53%
T1Les Courtilles
53%
T3bPorte de Bagnolet
53%
T3bPorte de Clichy (Tribunal de Paris)
53%
T3bPorte de Saint-Ouen
53%
T2Puteaux
53%
T3aStade Charléty (Porte de Gentilly)
53%
T3bElla Fitzgerald (Grands Moulin de Pantin)
50%
T8Épinay-sur-Seine - Gare
50%
T5Garges Sarcelles
50%
T11 EXPLe Bourget
50%
T3bPorte d'Aubervilliers
50%
T13 EXPSaint-Germain-en-Laye
50%
T6Vélizy 2
50%
T3aAvenue de France
48%
T3aCité Universitaire
48%
T3bDelphine Seyrig
48%
T1Drancy - Avenir
48%
T2Issy - Val de Seine
48%
T2Musée de Sèvres
48%
T3bPorte d'Asnières Marguerite Long
48%
T3aPorte de Charenton
48%
T8Saint-Denis - Gare
48%
T2Suresnes Longchamp
48%
T7Villejuif - Louis Aragon
48%
T3aAlexandra David-Néel
45%
T1Asnières Quatre Routes
45%
T3bButte du Chapeau Rouge
45%
T6Châtillon - Montrouge
45%
T11 EXPÉpinay - Villetaneuse Montmagny
45%
T1Hôpital Delafontaine
45%
T4Hôpital de Montfermeil
45%
T3bHôpital Robert Debré
45%
T2Les Coteaux
45%
T1L'Île Saint-Denis
45%
T5Mairie de Pierrefitte
45%
T9Orly - Gaston Viens
45%
T1Pont de Bondy
45%
T13 EXPSaint-Cyr
45%
T8Saint-Denis - Porte de Paris
45%
T1Timbaud
45%
T6Viroflay - Rive Droite
45%
T7Aéroport d'Orly
43%
T3bCanal Saint-Denis
43%
T1Cosmonautes
43%
T8Épinay Orgemont
43%
T1Escadrille Normandie-Niémen
43%
T1Gare de Gennevilliers
43%
T3bHonoré de Balzac
43%
T1La Courneuve - Six Routes
43%
T1Mairie de Villeneuve-la-Garenne
43%
T3aMaryse Bastié
43%
T3aMontempoivre
43%
T3aMontsouris
43%
T2Parc de Saint-Cloud
43%
T2Suzanne Lenglen
43%
T3aBalard
40%
T2Charlebourg
40%
T3bColette Besson
40%
T11 EXPDugny - La Courneuve (Parc Georges Valbon)
40%
T3bÉpinettes - Pouchet
40%
T2Faubourg de l'Arche
40%
T4Gargan
40%
T1Hôtel de Ville de Bobigny (Maison de la Culture)
40%
T1La Noue
40%
T1Le Luth
40%
T11 EXPPierrefitte - Stains
40%
T2Porte d'Issy
40%
T3aPorte Dorée
40%
T6Viroflay - Rive Gauche
40%
T3bAdrienne Bolland
38%
T7Athis - Mons Porte de l'Essonne
38%
T1Auguste Delaune
38%
T1Cimetière de Saint-Denis (Sous-Préfecture)
38%
T3bDiane Arbus (Porte des Poissonniers)
38%
T3aDidot
38%
T1Hôtel de Ville de la Courneuve
38%
T10La Croix de Berny (Parc de Sceaux)
38%
T1La Ferme
38%
T2Les Milons
38%
T4Les Pavillons-sous-Bois
38%
T1Le Village
38%
T9Musée MAC VAL
38%
T1Petit Noisy
38%
T3bSéverine
38%
T11 EXPStains - La Cerisaie
38%
T2Victor Basch
38%
T3bAngélique Compoint (Porte de Montmartre)
35%
T1Chemin des Reniers
35%
T1Danton
35%
T3aGeorges Brassens
35%
T1Hôpital Avicenne
35%
T10 | T6Hôpital Béclère
35%
T10Jardin Parisien
35%
T4Les Coquetiers
35%
T2Les Moulineaux
35%
T9Les Saules
35%
T6Mairie de Vélizy
35%
T3bMarie de Miribel
35%
T2Meudon-sur-Seine
35%
T2Parc Pierre Lagravère
35%
T8Pierre de Geyter
35%
T7Porte de Thiais (Marché International)
35%
T9Rouget de Lisle
35%
T1Théâtre Gérard Philipe
35%
T4Clichy Montfermeil
33%
T6Georges Pompidou
33%
T5Guynemer (Stade Auguste Delaune)
33%
T2Henri Farman (Porte de Seine)
33%
T3aJean Moulin
33%
T5Joncherolles
33%
T7La Fraternelle
33%
T4La Remise à Jorelle
33%
T2Les Fauvelles
33%
T1Libération
33%
T13 EXPNoisy-le-Roi
33%
T1Parc des Chanteraines
33%
T5Petit Pierrefitte
33%
T3aPoterne des Peupliers
33%
T4Rougemont - Chanteloup
33%
T13 EXPSaint-Nom-la-Bretèche - Forêt de Marly
33%
T1Stade Géo André
33%
T4Allée de la Tour Rendez-Vous
30%
T2Belvédère
30%
T2Brimborion
30%
T13 EXPCamp des Loges
30%
T8César
30%
T8Delaunay - Belleville
30%
T3aDesnouettes
30%
T4Freinville - Sevran
30%
T2Jacqueline Auriol
30%
T2Jacques - Henri Lartigue
30%
T7La Belle Épine
30%
T13 EXPMareil-Marly
30%
T8Pablo Neruda
30%
T6Pavé Blanc (Parc Novéos)
30%
T6Robert Wagner
30%
T5Roger Sémat
30%
T9Trois Communes
30%
T5Alcide d'Orbigny
28%
T13 EXPAllée Royale
28%
T4Arboretum
28%
T3aBaron le Roy
28%
T3aBrancion
28%
T6Centre de Châtillon
28%
T6Dewoitine
28%
T1Jean Rostand
28%
T9La Briqueterie
28%
T5Les Cholettes
28%
T5Les Flanades
28%
T4Lycée Henri Sellier
28%
T9Mairie de Vitry-sur-Seine
28%
T6Meudon-la-Forêt
28%
T5Suzanne Valadon
28%
T5Butte Pinson (Parc Régional)
25%
T1Gaston Roulaud
25%
T6Inovel Parc Nord
25%
T8Jean Vilar
25%
T4Léon Blum
25%
T13 EXPLes Portes de Saint-Cyr
25%
T5Lochères
25%
T6L'Onde (Maison des Arts)
25%
T1Maurice Lachâtre
25%
T6Parc André Malraux
25%
T8Paul Éluard
25%
T5Paul Valéry
25%
T10Petit-Châtenay
25%
T7Robert Schuman (Parc Silic Centre)
25%
T7Saarinen (Parc Silic Nord)
25%
T6Vauban
25%
T5Baudelaire
23%
T8Blumenthal
23%
T9Carle - Darthé
23%
T9Châteaudun - Barbès
23%
T4Clichy-sous-Bois Mairie
23%
T6Division Leclerc
23%
T13 EXPFourqueux - Bel-Air
23%
T6Georges Millandy
23%
T8Lacépède
23%
T8Les Mobiles
23%
T13 EXPLisière Pereire
23%
T6Louvois
23%
T10Malabry
23%
T7Moulin Vert
23%
T4Notre-Dame des Anges
23%
T10Noveos
23%
T4République Marx Dormoy
23%
T6Soleil Levant
23%
T10Théâtre La Piscine
23%
T13 EXPBailly
20%
T7Bretagne
20%
T7Caroline Aigle (Orlyfret)
20%
T9Christophe Colomb
20%
T10Cité-Jardin
20%
T7Cœur d'Orly
20%
T9Four - Peary
20%
T5Jacques Prévert
20%
T4L'Abbaye
20%
T10LaVallée
20%
T10Les Peintres
20%
T13 EXPL'Étang - Les Sablons
20%
T6Mail de la Plaine
20%
T10Parc des Sports
20%
T8Rose Bertin (Centre Commercial l'Ilo)
20%
T9Verdun - Hoche
20%
T9Camille Groult
18%
T9Germaine Tailleferre
18%
T7Hélène Boucher (Orlytech)
18%
T7Lamartine
18%
T10Le Hameau
18%
T8Les Béatus
18%
T4Maurice Audin
18%
T7Place de la Logistique (Plateforme Sogaris)
18%
T7Porte de Rungis
18%
T4Romain Rolland
18%
T10Vallée aux Loups
18%
T9Watteau - Rondenay
18%
T7Auguste Perret (Cimetière Parisien)
15%
T9Beethoven - Concorde
15%
T9Constant Coquelin
15%
T7Domaine Chérioux
15%
T8Gilbert Bonnemaison
15%

Distribution des résultats

Percentile par nombre de réponses

% des personnes avec chaque résultat

Votre développement - résultats

Vous n’avez pas pris ce quiz depuis la dernière actualisation